00805nam a22002417a 4500999001700000003000900017008004100026040007100067082002400138100003200162245002700194260004700221300002700268505002300295650002900318650001800347650003300365650003300398650002000431942001600451945000900467952008700476 c21217d21217AR-CdUCM190325b ||||| |||| 00| 0 spa d aMUNICIPALIDAD PROVINCIAL DEL CUSCOcBIBLIOTECA MUNICIPAL DEL CUSCO a869.56 / B25PbB25P aBarrera Reyes, Luis Alberto aPoemas frente al Mar / aCusco :bEditorial Gráfica Hanaq,c2017. a60 páginas ;c21 cm. aContenido : Poemas aPoesías peruanas91481 aPoemas944265 aLiteratos cusqueños944145 aLiteratura cusqueña944266 aSiglo XXI92856 2ddccLIBROS aRoel 002ddc4070aSHbSHcCARTg10.00o869.56 / B25PpSH0000015690r2020-02-18yLIBROS